00488 2200157 4500245007000000020002200070250001000092100002800102005001900130260002600149041001400175084001100189500008200200490003900282336000900321 aPUSTAKA PENGETAHUAN AL-QURAN VOL.6cMUHAMMAD AS-SYYID YUSUFhText a978-979-16368-0-3 aCet.1 aMUHAMMAD AS-SYYID YUSUF a20240826115354 aJakartabDAR AS-SALAM aIndonesia a297.04 aDaftar isi : antara ilmu pengetahuan dan al-quran, ciptaan allah, pendengaran aPUSTAKA PENGETAHUAN AL-QURAN VOL.6 atext